000 00606nam a22002057a 4500
999 _c17950
_d17950
008 191007b xxu||||| |||| 00| 0 eng d
020 _a0471349925
040 _aKABU
_cKABU
050 _aQA276
_b.E43 1999 c. 1
100 _aElandt-Johnson, Regina C.
245 _aSurvival models and data analysis
_cRegina C. Elandt-Johnson
260 _aNew York
_bJohn Wiley & Sons
_c1999
300 _axvi, 457 p.
650 _aFailure time data analysis
650 _aMortality
650 _aMedical statistics
650 _aCompeting risks
700 _aJohnson, Norman L.
942 _2lcc
_cBK
_hQA276